Statistics for Who has not played for these teams?

Click here to take the quiz!

General Stats

  • This quiz has been taken 21 times
  • The average score is 6 of 10

Answer Stats

QuestionAnswer% Correct
PSG and Bayern MunichKevin Trapp
81%
Arsenal and Inter MilanAshley Young
76%
Benfica and Manchester CityRony Lopes
71%
Chelsea and Real MadridMichael Owen
67%
Tottenham Hotspur and NapoliIvan Perisic
62%
Liverpool and Borussia DortmundJude Bellingham
62%
Manchester United and AC MilanFikayo Tomori
52%
Juventus and FC BarcelonaThiago Motta
52%
Atletico Madrid and PortoIvan Marcano
48%
Ajax and AS RomaKevin Strootman
33%

Score Distribution

Percentile by Number Answered

Percent of People with Each Score

Your Score History

You have not taken this quiz